000 00452nam a22001697a 4500
003 BD-ChCU
005 20251123124242.0
008 251123b bg ||||| |||| 00| 0 ben d
040 _cBD-ChCU
082 _a330.1 SOI
100 _aSoule , George.
_916644
245 _aIdeas of the great economists ./
_cGeorge , Soule.
260 _a New York :
_bViking press. ,
_cC 1952
300 _avi ,218p
650 0 _aEconomics
_916645
942 _2ddc
_cBK
_n0
999 _c109700
_d109700